[Event "Stay Safe Play From Home 262"]
[Site "Emanuel Lasker Arena"]
[Date "2020.06.29"]
[Round "2"]
[White "Mandy"]
[Black "Goofus3"]
[Result "0-1"]
[WhiteElo "959"]
[BlackElo "1384"]
[Annotator "NA RC"]
[PlyCount "42"]
[EventDate "2020.06.29"]
[EventType "swiss (blitz)"]

1. d4 {[%emt 0:00:02]} d5 {[%emt 0:00:00]} 2. Bf4 {[%emt 0:00:01]} Nf6 {[%emt 0:00:00]} 3. e3 {[%emt 0:00:01]} g6 {[%emt 0:00:00]} 4. Nf3 {[%emt 0:00:01]} Bg7 {[%emt 0:00:00]} 5. h3 {[%emt 0:00:01]} O-O {[%emt 0:00:00]} 6. Bd3 {[%emt 0:00:01]} Nh5 {[%emt 0:00:00]} 7. Bg3 {[%emt 0:00:02]} Nf4 {[%emt 0:00:00]} 8. Bxf4 {[%emt 0:00:07]} Na6 {[%emt 0:00:00]} 9. Nbd2 {[%emt 0:00:03]} c5 {[%emt 0:00:00]} 10. c3 {[%emt 0:00:01]} c4 {[%emt 0:00:01]} 11. Be2 {[%emt 0:00:04]} Nc7 {[%emt 0:00:01]} 12. O-O {[%emt 0:00:01]} Ne6 {[%emt 0:00:07]} 13. Bg3 {[%emt 0:00:04]} Nc7 {[%emt 0:00:01]} 14. Qc2 {[%emt 0:00:03]} b5 {[%emt 0:00:01]} 15. Ne5 {[%emt 0:00:05]} Ne6 {[%emt 0:00:02]} 16. e4 {[%emt 0:00:05]} dxe4 {[%emt 0:00:02]} 17. Nxe4 {[%emt 0:00:02]} Nc7 {[%emt 0:00:04]} 18. f3 {[%emt 0:00:05]} e6 {[%emt 0:00:01]} 19. Rad1 {[%emt 0:00:03]} a5 {[%emt 0:00:04]} 20. b3 {[%emt 0:00:04]} b4 {[%emt 0:00:00]} 21. a3 {[%emt 0:00:03]} bxa3 {[%emt 0:00:02] Zeit (Lag: Av=0.54s, max=0.8s)} 0-1

[Event "Stay Safe Play From Home 262"]
[Site "Emanuel Lasker Arena"]
[Date "2020.06.29"]
[Round "3"]
[White "Uber_WING"]
[Black "SoulofWolf"]
[Result "1-0"]
[WhiteElo "2479"]
[BlackElo "2207"]
[Annotator "TA"]
[PlyCount "117"]
[EventDate "2020.06.29"]
[EventType "swiss (blitz)"]

{[%evp 9,116,41,57,11,45,-6,33,16,95,50,74,61,88,83,152,152,114,95,149,161,175,67,66,17,19,0,-16,-47,-41,-46,77,49,65,77,547,259,241,160,332,162,698,675,654,0,0,-229,-111,-707,1118,-593,229,236,439,-115,-17,-448,899,902,740,-137,0,-216,-207,-186,-172,-143,-72,-79,-66,-125,-81,-172,-171,-288,382,-270,0,0,584,-146,-12,-13,-6,-210,0,-189,1191,1147,29977,29978,29980,29981,29988,29975,29988,29984,29988,29989,29990,29991,29991,29992,29993,29993,29994,29995,29995,29996,29999]} 1. e4 c5 2. Nc3 e6 3. g3 a6 4. Bg2 b5 5. e5 Ra7 {[#]} 6. f4 $146 {B23: Closed Sicilian: Lines without g3.} ({Predecessor:} 6. Nh3 d5 7. d3 Ne7 8. O-O Nf5 9. Bg5 Qc7 10. g4 Ne7 11. f4 Ng6 12. Ne2 {0-1 (22) Reed,B (1934)-Zunkovic,S (2229) ICCF email 2016}) 6... Nc6 7. Nf3 (7. Bxc6 $14 dxc6 8. Nf3) 7... Bb7 8. d3 {White is slightly better.} Nge7 (8... d5 $11 {keeps the balance.}) 9. O-O (9. Be3 {feels hotter.} Nd4 10. Ne4 Nxf3+ 11. Bxf3 Nf5 12. Bxc5 Bxc5 13. Nxc5 Bxf3 14. Qxf3 d6 15. Qc6+) 9... Nf5 10. Ne4 Be7 11. c3 d5 (11... h5 $142) 12. exd6 $1 $16 Bxd6 13. Qe1 Be7 (13... O-O $142) 14. g4 Nh6 15. g5 (15. h3 $18) 15... Nf5 $14 16. Qe2 (16. Be3 $5) 16... O-O 17. Rd1 Ba8 18. h4 Rd7 19. h5 Na7 (19... h6 $15 {stays ahead.}) 20. g6 hxg6 21. hxg6 f6 $2 {[%mdl 8192]} (21... fxg6 $16 22. Ne5 {[%mdl 64] Double Attack} c4) 22. Nf2 (22. Bh3 $142 Bd5 23. Bxf5 exf5 24. Qh2) 22... Bd5 $18 23. c4 Ng3 $2 (23... bxc4 $16 24. Ne1 cxd3 25. Rxd3 Nh6) 24. Qe1 (24. Qe3 $142 Nf5 25. Qe1 bxc4 26. dxc4 Bxc4 27. Nd2) 24... Bxf3 $2 (24... bxc4 25. Ng5 fxg5 26. Bxd5 Kh8 27. Qxe6 gxf4 28. dxc4 Nc6) 25. Qxe6+ {[%mdl 64] Double Attack} ({Less strong is} 25. Bxf3 f5 $16) 25... Kh8 26. Bxf3 $2 (26. Qh3+ $1 $18 Bh5 27. Ne4) 26... f5 $11 {Threatens to win with ...Rf6.} 27. Kg2 $2 (27. Nh3 $11 Bh4 28. Kg2 (28. Qxa6 Rf6 $17)) 27... Bh4 (27... Rd6 $19 28. Qe1 Rxg6) 28. Rh1 $2 {[%mdl 8192]} (28. Qe1 $17) 28... Rd6 $4 {[%mdl 8192] [#]} (28... Nxh1 $19 29. Be3 Rf6 30. Qxf6 Qxf6 31. Rxh1 Qxg6+ 32. Kf1 Qh6) 29. Qe1 $4 {[%mdl 8192]} (29. Rxh4+ $1 $18 {[%mdl 512] was the only winning move.} Qxh4 30. Qxd6 {[%mdl 64] Double Attack}) 29... Kg8 $4 {[%mdl 8192]} (29... Nxh1 $19 {avoids the disaster.} 30. Qxh1 Rxg6+ 31. Kf1 Rh6) 30. Bd5+ $1 $18 Rxd5 $2 (30... Kh8) 31. cxd5 $2 ({White has to play} 31. Qe6+ $18 Kh8 32. Rxh4+ $1 {[%mdl 512]} Qxh4 33. Qxd5) 31... Qxd5+ (31... Re8 $17 32. Qxe8+ Qxe8 33. Rxh4 Qxg6) 32. Kh2 $2 {[%mdl 8192]} (32. Ne4 $1 $11 fxe4 33. Rxh4) 32... Bf6 $4 {[%mdl 8192]} (32... Nxh1 $2 33. Qxh1 Qe6 34. Kg2 $17) (32... Nc6 $19 33. Qd1 Rf6) 33. Kxg3 Nc6 34. Rh8+ $2 (34. Qd1 $18 Re8 35. Qh5 $1 {[%mdl 512]}) 34... Kxh8 $11 35. Qh1+ $2 (35. Be3 $1 $11 {and White is okay.} Kg8 36. Bxc5 $1 {[%mdl 512]}) 35... Qxh1 $19 36. Nxh1 Kg8 37. Be3 Nd4 (37... Bxb2 $142 38. Re1 Re8) 38. Bxd4 $17 Bxd4 {[%mdl 4096] Endgame KRB-KRN} ({Stronger than} 38... cxd4 39. Rc1 $16) 39. Rb1 (39. Re1 $15) 39... Re8 40. b3 {[#]} (40. Kh3 $17 {might work better.}) 40... Kf8 $1 $19 41. Kf3 (41. Rf1 {keeps fighting.}) 41... Ke7 $4 {[%mdl 8192]} (41... Re3+ $19 {and all is fine.} 42. Kg2 Ke7) 42. Kg2 $4 {[%mdl 8192]} (42. Re1+ $18 {is the narrow road to win.} Kf8 43. Rxe8+ Kxe8 44. Ng3) 42... Kd6 $2 ({Black should try} 42... Kf6 $19 {aiming for ...Re2+.} 43. Ng3 Re3) 43. Ng3 $11 Re3 $2 {[%mdl 8192]} (43... Kd5 $11) 44. Rf1 $2 (44. Nxf5+ $18 Kd5 45. Nxe3+ Bxe3 46. Kf3) 44... Rxd3 ({Better is} 44... Ke6 $17 45. Rf3 Re1) 45. Re1 Kd5 46. Re2 $2 (46. Nxf5 $11 {and White stays safe.} Bf6 47. Re8) 46... Bc3 $2 ({Black should play} 46... c4 $19 {...c3 is the strong threat.} 47. bxc4+ bxc4 48. Nxf5 c3 49. Ne7+ Kc4) 47. Nf1 $2 (47. Re7 $11 {and White has nothing to worry.} Rd2+ 48. Kf3) 47... Rd2 $4 {[%mdl 8192]} (47... c4 $19 48. Ng3 Bd4 49. Nxf5 c3 50. Ne7+ Kc5) 48. Nxd2 $18 Bxd2 49. Rxd2+ {KR-KP. White mates.} Kc6 50. Re2 Kb6 51. Re5 Ka5 52. Rxf5 Kb4 53. Rf7 a5 54. Rxg7 c4 55. bxc4 Kxc4 56. Rb7 Kb4 57. g7 Ka4 58. g8=Q {[%csl Ga2][%cal Rg8b3]} b4 59. Qb3# {A wild game. Accuracy: White = 27%, Black = 27%.} 1-0

[Event "Stay Safe Play From Home 262"]
[Site "Emanuel Lasker Arena"]
[Date "2020.06.29"]
[Round "3"]
[White "Kubas"]
[Black "Souchov"]
[Result "0-1"]
[WhiteElo "2395"]
[BlackElo "1927"]
[Annotator "TA"]
[PlyCount "144"]
[EventDate "2020.06.29"]
[EventType "swiss (blitz)"]

{[%evp 12,144,45,32,36,34,56,56,82,37,15,18,41,37,25,23,30,41,27,1,9,0,-16,-170,-172,-155,-98,-136,-105,-111,-102,-218,-159,-197,-101,-97,-89,-158,-24,-15,-6,-22,0,0,0,-41,-33,-126,208,0,0,0,0,0,18,-69,-31,-65,14,5,5,5,5,0,5,0,0,0,2,3,71,4,14,4,4,-11,0,0,0,0,289,283,683,664,614,605,1111,1111,29971,1111,1102,1102,1075,761,29980,29981,29981,29977,29977,29978,29978,29979,29977,29954,29986,29979,29977,29976,29977,29975,29956,1504,1075,1041,1029,963,514,432,1041,1037,1038,1019,1008,933,932,836,29985,29986,29987,29988,29988,29987,29988,29989,29989]} 1. Nf3 Nf6 2. c4 g6 3. Nc3 Bg7 4. e4 d6 5. d4 O-O 6. h3 Na6 7. Bg5 h6 {E90: King's Indian: Classical: Early deviations and 6 h3.} 8. Be3 {[#]} Re8 $146 ({Predecessor:} 8... c6 9. Qd2 Kh7 10. Bd3 e5 11. O-O exd4 12. Nxd4 Re8 13. Bc2 Nb4 14. Bb1 a5 15. a3 {0-1 (44) Aleksandrov,A (2615)-Jobava,B (2673) Minsk 2015}) 9. Be2 c5 {White is slightly better.} 10. d5 e6 11. Nd2 exd5 12. cxd5 Nc7 13. a4 a6 {[%cal Ba7a6,Ba6b5,Bb5b4][%mdl 32]} 14. O-O Bd7 15. Qc2 b5 16. axb5 axb5 17. Rab1 $2 (17. Bd3 $11) 17... b4 $19 18. Nd1 {[#]} Nb5 (18... Nxe4 $142 $1 {[%mdl 512]} 19. Nxe4 Rxe4 $1 {[%mdl 512]} 20. Qxe4 Bf5 {[%mdl 64] Skewer}) 19. f3 Nd4 20. Bxd4 cxd4 21. Nf2 (21. Nc4 $17) 21... Nh5 {Hoping for ...Nf4.} 22. Nd3 {[#]} Ng3 (22... Bxh3 $1 $19 {[%mdl 512]} 23. Rf2 (23. gxh3 Qg5+) 23... Bd7) 23. Rfe1 Qh4 24. Nf1 {[#]} (24. Nc4 $142) 24... Nxf1 ({Better is} 24... f5 $1 $17 25. exf5 Bxf5) 25. Bxf1 $11 h5 26. Qf2 Qf6 27. f4 Bh6 28. e5 dxe5 29. fxe5 (29. Rxe5 $15 Rxe5 30. fxe5 Qxf2+ 31. Kxf2) 29... Qg7 $2 {[%mdl 8192]} (29... Qxf2+ $17 {stays on course.} 30. Kxf2 Bf5) 30. Rbd1 $2 (30. Qxd4 $18 Bd2 31. Re2 (31. Nxb4 Bxb4 32. Qxb4 Rxe5 $16)) 30... Be3 $1 {[%cal Re3f2]} 31. Rxe3 dxe3 32. Qxe3 Bf5 {...Bxd3 is the strong threat.} 33. e6 (33. Re1 $11) 33... fxe6 34. d6 Qd7 (34... Bxd3 $1 $15 35. Bxd3 Qa7 36. Qxa7 Rxa7 37. Bxg6 Rd8) 35. Ne5 Qa7 36. Qxa7 Rxa7 37. Bc4 Rd8 38. Nc6 {[%mdl 64] Double Attack} Rad7 39. Nxd8 (39. Be2 {with more complications.} h4 40. Nxd8 Rxd8 41. Rd4 g5 42. Kf2) 39... Rxd8 {[%mdl 4096] Endgame KRB-KRB} 40. Kf2 Kf8 {[#]} (40... Kg7 $11) 41. Ke3 (41. Kf3 $1 $16) 41... Kg7 42. Kf4 {Threatens to win with Ke5.} Kf6 43. g4 e5+ 44. Kg3 hxg4 45. hxg4 Be6 $2 {[%mdl 8192]} (45... Bd7 $11 {and Black is okay.}) 46. Rf1+ $18 Kg7 $2 (46... Kg5) 47. Bxe6 Rxd6 {KRB-KR} 48. Bc4 Rd4 49. b3 e4 50. Rf7+ (50. g5 $142 Rd7 51. Kf4 Re7 52. Re1 Re8 53. Rxe4 Rf8+ 54. Kg4 Rd8 55. Re7+ Kh8 56. Bf7) 50... Kh6 51. Re7 Kg5 52. Re5+ Kh6 53. g5+ Kg7 54. Re7+ Kf8 55. Rf7+ Ke8 56. Rf6 e3 57. Re6+ Kf7 58. Rxe3+ Kg7 59. Rf3 Rd7 60. Rf4 Re7 61. Kf3 (61. Rf6 $142 Rb7 62. Bd3 Rb8 63. Rxg6+ Kf7 64. Rc6 Rb7 65. Rh6 Kg8 66. g6) 61... Re5 62. Re4 Rxg5 63. Re7+ Kf6 64. Rb7 Rf5+ (64... Rg1 $142 65. Rxb4 g5) 65. Ke4 Kg5 66. Kd4 Rf4+ 67. Ke5 Kg4 68. Rxb4 {Be6+ would kill now.} g5 69. Be6+ {White mates.} Kf3 70. Rxf4+ gxf4 71. Bd5+ Ke3 72. b4 f3 {[%mdl 32768] Never resign too early! Accuracy: White = 67%, Black = 54%. . Loss on time!?} 0-1

[Event "Stay Safe Play From Home 262"]
[Site "Emanuel Lasker Arena"]
[Date "2020.06.29"]
[Round "3"]
[White "BrainThinker22"]
[Black "Mepe_Nika"]
[Result "0-1"]
[WhiteElo "2311"]
[BlackElo "2443"]
[Annotator "NA"]
[PlyCount "108"]
[EventDate "2020.06.29"]
[EventType "swiss (blitz)"]

1. e4 {[%emt 0:00:01]} e5 {[%emt 0:00:01]} 2. Nf3 {[%emt 0:00:00]} Nc6 {[%emt 0:00:00]} 3. d4 {[%emt 0:00:00] BrainThinker22 offers a draw} exd4 {[%emt 0:00:01]} 4. Bc4 {[%emt 0:00:01]} Nf6 {[%emt 0:00:01]} 5. e5 {[%emt 0:00:00]} Ne4 {[%emt 0:00:01]} 6. O-O {[%emt 0:00:01]} Be7 {[%emt 0:00:02]} 7. Re1 {[%emt 0:00:01]} Nc5 {[%emt 0:00:01]} 8. c3 {[%emt 0:00:00]} d3 {[%emt 0:00:01]} 9. b4 {[%emt 0:00:02]} Ne6 {[%emt 0:00:01]} 10. Qxd3 {[%emt 0:00:01]} O-O {[%emt 0:00:01]} 11. a4 {[%emt 0:00:01]} d5 {[%emt 0:00:01]} 12. exd6 {[%emt 0:00:01]} Bxd6 {[%emt 0:00:01]} 13. Qc2 {[%emt 0:00:06]} Nf4 {[%emt 0:00:02]} 14. Bxf4 {[%emt 0:00:01]} Bxf4 {[%emt 0:00:01]} 15. Bd3 {[%emt 0:00:00]} h6 {[%emt 0:00:01]} 16. Na3 {[%emt 0:00:01]} Bg4 {[%emt 0:00:01]} 17. Be4 {[%emt 0:00:02]} Qf6 {[%emt 0:00:01]} 18. h3 {[%emt 0:00:02]} Be6 {[%emt 0:00:01]} 19. Bxc6 {[%emt 0:00:03]} bxc6 {[%emt 0:00:01]} 20. Nd4 {[%emt 0:00:01]} Bd5 {[%emt 0:00:02]} 21. Rad1 {[%emt 0:00:04]} a5 {[%emt 0:00:01]} 22. bxa5 {[%emt 0:00:02]} Rxa5 {[%emt 0:00:01]} 23. c4 {[%emt 0:00:00]} Be6 {[%emt 0:00:07]} 24. Nxe6 {[%emt 0:00:01]} fxe6 {[%emt 0:00:00]} 25. Qe4 {[%emt 0:00:01]} Re5 {[%emt 0:00:03]} 26. Qxc6 {[%emt 0:00:03]} Rxe1+ {[%emt 0:00:00]} 27. Rxe1 {[%emt 0:00:00]} Bd6 {[%emt 0:00:00]} 28. Re2 {[%emt 0:00:07]} Bxa3 {[%emt 0:00:01]} 29. Qxe6+ {[%emt 0:00:00]} Qxe6 {[%emt 0:00:01]} 30. Rxe6 {[%emt 0:00:00]} Ra8 {[%emt 0:00:02]} 31. Rc6 {[%emt 0:00:01]} Bd6 {[%emt 0:00:01]} 32. c5 {[%emt 0:00:01]} Be5 {[%emt 0:00:01]} 33. g3 {[%emt 0:00:00]} Rxa4 {[%emt 0:00:01]} 34. f4 {[%emt 0:00:00]} Bd4+ {[%emt 0:00:01]} 35. Kg2 {[%emt 0:00:00]} Rc4 {[%emt 0:00:01]} 36. Rxc7 {[%emt 0:00:01]} Rxc5 {[%emt 0:00:00]} 37. Rd7 {[%emt 0:00:00]} Bf6 {[%emt 0:00:01]} 38. g4 {[%emt 0:00:01]} Kh7 {[%emt 0:00:01]} 39. Kf3 {[%emt 0:00:01]} Rc3+ {[%emt 0:00:01]} 40. Kg2 {[%emt 0:00:02]} Rc4 {[%emt 0:00:00]} 41. Kg3 {[%emt 0:00:01]} Rd4 {[%emt 0:00:01]} 42. Rb7 {[%emt 0:00:02]} Rd3+ {[%emt 0:00:00]} 43. Kg2 {[%emt 0:00:01]} Bh4 {[%emt 0:00:00]} 44. Rb5 {[%emt 0:00:00]} Rg3+ {[%emt 0:00:01]} 45. Kh2 {[%emt 0:00:00]} Rf3 {[%emt 0:00:01]} 46. Rh5 {[%emt 0:00:00]} g5 {[%emt 0:00:02]} 47. fxg5 {[%emt 0:00:01]} Bxg5 {[%emt 0:00:00]} 48. h4 {[%emt 0:00:01]} Bf4+ {[%emt 0:00:00]} 49. Kg2 {[%emt 0:00:01]} Rg3+ {[%emt 0:00:00]} 50. Kf2 {[%emt 0:00:00]} Ra3 {[%emt 0:00:02]} 51. Rb5 {[%emt 0:00:00]} Ra2+ {[%emt 0:00:01]} 52. Kf3 {[%emt 0:00:00]} Ra4 {[%emt 0:00:01]} 53. Rb7+ {[%emt 0:00:00]} Kg8 {[%emt 0:00:01]} 54. Rb6 {[%emt 0:00:00]} Ra3+ {[%emt 0:00:01] Time (Lag: Av=0.55s, max=0.8s)} 0-1

[Event "Stay Safe Play From Home 262"]
[Site "Emanuel Lasker Arena"]
[Date "2020.06.29"]
[Round "3"]
[White "Little champs"]
[Black "Broken sword"]
[Result "0-1"]
[WhiteElo "2241"]
[BlackElo "2460"]
[Annotator "TA"]
[PlyCount "146"]
[EventDate "2020.06.29"]
[EventType "swiss (blitz)"]

{[%evp 13,146,18,43,-1,0,-16,0,-1,-1,-25,0,-75,-57,-131,-45,-77,-77,-66,-49,-93,-45,-135,-30,-58,-50,-52,-35,-41,-26,-54,-44,-61,-8,-65,0,-80,-45,-44,-44,-44,-41,-43,-27,-41,-18,-33,-32,-41,-30,-44,-10,-57,-33,-32,0,0,0,0,0,0,0,0,0,0,0,0,0,0,0,0,0,0,0,-93,0,0,0,-91,0,0,0,-537,-126,-316,-87,-266,-9,-90,-7,-9,-9,-22,-23,-233,-220,-195,-195,-193,-8,-98,-98,-100,-106,-179,-27,-194,-177,-158,-69,-51,-8,-8,-8,-8,-8,-29971,-8,-8,-8,-8,-8,-29973,-8,-29961,-8,-29973,-8,-29961,-59,-29975,-29975,-29975,-29975,-29981,-29963]} 1. d4 d6 2. e3 c6 3. Nf3 Nd7 4. Be2 Ngf6 5. O-O g6 6. c4 Bg7 7. Nc3 O-O 8. d5 {E61: King's Indian: Early deviations for White, including Smyslov System.} cxd5 {[#]} 9. Nxd5 $146 ({Predecessor:} 9. cxd5 Nc5 10. b3 Nce4 11. Nxe4 Nxe4 12. Bd3 Bxa1 13. Bxe4 Bg7 14. Bd3 b6 15. e4 Bb7 {0-1 (36) Pavliukovec,N-Jakavonyte,E Klaipeda 2011}) 9... b6 10. Nxf6+ {The position is equal.} Nxf6 11. Qc2 Bb7 12. Bd3 (12. b3 $11) 12... Rc8 $17 13. b3 (13. Qe2 $15) 13... d5 (13... Bxf3 $17 14. gxf3 Nd5 $1 {[%mdl 512]}) 14. Bb2 dxc4 15. bxc4 Qc7 16. Rac1 e6 17. Qe2 (17. Ne5 $15) 17... Nd7 (17... Ng4 $1 $17 18. e4 Bxb2 19. Qxb2 f5) 18. Rfd1 Rfd8 19. Bxg7 {Hoping for Bc3.} Kxg7 20. Qb2+ Kg8 21. Be2 Bxf3 22. Bxf3 Qe5 (22... Ne5 $15 23. Rxd8+ Rxd8) 23. Qb5 (23. Qa3 $11 Qb8 24. Rd4) 23... Qc7 (23... Nc5 $15) 24. Rd2 (24. Qb2 $11) 24... Nc5 25. Rcd1 Rxd2 26. Rxd2 Rd8 27. Qb2 Rd7 28. g3 Qd8 29. Rxd7 Qxd7 30. Kg2 Qd6 31. h4 Qd3 32. Qb5 Qd8 33. h5 gxh5 34. Bxh5 Qd7 35. Qb2 Qe7 36. Bf3 f6 37. Qd4 Kg7 38. Qg4+ Kh8 39. e4 Qg7 40. Qf4 Qe7 41. Qb8+ Kg7 42. e5 f5 43. Qc8 (43. Bc6 $11) 43... Qd7 (43... Nd3 $17 44. Be2 Nxe5) 44. Qb8 $11 Qe7 ({Better is} 44... Nd3 $11 45. Be2 Ne1+ 46. Kf1 Nd3) 45. Qc8 $17 Qd7 (45... Nd3 $17 {aiming for ...Ne1+.} 46. Be2 Nxe5) 46. Qb8 Nd3 {...Ne1+ is the strong threat.} 47. g4 $2 {[%mdl 8192]} (47. Bb7 $11) 47... fxg4 $2 (47... Ne1+ $19 48. Kh3 Nxf3 49. gxf5 Qd3 50. f6+ Kh6 $1 {[%mdl 512]} 51. Qf8+ Kh5 $1 {[%mdl 512]} 52. Qf7+ Qg6 53. Qxg6+ Kxg6) 48. Bxg4 $2 (48. Be4 $17) 48... Qe7 $2 (48... Qf7 $19 {is more deadly.} 49. f3 h5) 49. Qc8 $2 (49. Qd6 $17 Qxd6 50. exd6) 49... Nf4+ $2 ({Not} 49... Nxe5 50. Bxe6 h5 51. Qg8+ Kf6 52. Bd5 $11 (52. f4 Ng6 $17)) ({Don't do} 49... h5 50. Be2 $17) (49... Qf7 $19 50. f3 Nf4+ 51. Kg3 h5) 50. Kf3 (50. Kg3 $1 $11 {remains equal.} Ng6 51. Qxe6 Qh4+ 52. Kf3) 50... Ng6 (50... Qf7 $17 {White must now prevent ...h5.} 51. Kg3 Nd3 $1 {[%mdl 512]}) 51. Qxe6 $11 Nxe5+ 52. Kf4 Ng6+ 53. Kf5 $2 (53. Ke4 $11 {and White has nothing to worry.}) 53... Qf8+ $19 54. Ke4 Qxf2 55. Qd7+ Qf7 $2 (55... Kh6 $19 56. Qe6 Qxa2) 56. Be6 (56. Qxf7+ $11 Kxf7 57. Kf5) 56... Qxd7 $17 57. Bxd7 {[%mdl 4096] Endgame KB-KN} Kf6 $1 58. Bc8 (58. Kd5 $17) 58... Ke7 $2 (58... h5 $1 $19 59. Bd7 Kg5) 59. Kd5 $2 (59. c5 $1 $11) 59... Kd8 $1 $19 {[%cal Rd8c8]} 60. Bg4 {[#]} Kc7 ({Black should play} 60... h5 $1 $17 {[%cal Rh5g4][%mdl 512]} 61. Bd1 (61. Bxh5 Nf4+) 61... h4) 61. c5 $1 $15 Ne7+ (61... b5 $5 {[%cal Rh7h5]} 62. Kd4 Ne7 $15) 62. Ke6 Nc6 63. cxb6+ Kxb6 64. Kf7 $2 {[%mdl 8192]} (64. Kf6 $11) 64... Nb4 $2 (64... Ne5+ 65. Kg8 Nxg4 66. Kxh7 Kc5 67. Kg6 Kb4 68. Kg5 Ka3 69. Kf5 Kxa2 70. Kf4 Nh2 71. Kg3 a5 72. Kf2 a4 73. Kg2 a3 74. Kxh2 Kb3 75. Kh3 a2 76. Kh4 a1=Q 77. Kg5 Qe5+ 78. Kg4 Kc2 79. Kf3 Kd2 80. Kf2 Qe4 81. Kf1 Qe2+ 82. Kg1 Ke3 83. Kh1 Kf3 84. Kg1 Qg2#) 65. Kg7 $11 Nxa2 {Threatens to win with ...a5.} 66. Kxh7 Nc3 67. Bf5 $2 {[%mdl 8192]} (67. Kg6 $11) 67... Nd5 $2 (67... a5 68. Bc2 Kc5 69. Kg7 Nb5 70. Kf6 Nd4 71. Ba4 Kb4 72. Bd7 Nb5 73. Be6 a4 74. Bd5 a3 75. Ke5 Kc3 76. Ba2 Nd4 77. Kf4 Kb2 78. Bc4 Nb3 79. Ke5 a2 80. Be6 a1=Q 81. Bg4 Qe1+ 82. Kd5 Qa5+ 83. Ke4 Qg5 84. Bd1 Qh4+ 85. Kf5 Qf2+ 86. Kg6 Qg1+ 87. Kf6 Qxd1 88. Ke5 Qe1+ 89. Kf5 Nd4+ 90. Kf6 Qe6+ 91. Kg5 Qf5+ 92. Kh4 Qg6 93. Kh3 Qg5 94. Kh2 Ne2 95. Kh3 Qg3#) 68. Bc2 $2 {[%mdl 8192] [#]} (68. Kh6 $11) 68... Ne3 $2 (68... Kb5 $1 69. Kg6 Kb4 70. Be4 Kc4 71. Bb1 Nb4 72. Bf5 Nc6 73. Be6+ Kc5 74. Kg5 Ne7 75. Kf6 Kd6 76. Bb3 Nc6 77. Bd1 Ne5 78. Kf5 Kd5 79. Kf6 Kd6 80. Ba4 a5 81. Kf5 Kd5 82. Kf4 Kd4 83. Be8 Nc4 84. Ba4 Nb6 85. Be8 Nc4 86. Kf3 Ne3 87. Ke2 Ng4 88. Kd2 Ne5 89. Kc2 Kc4 90. Kb2 Kb4 91. Kc2 Nf3 92. Bd7 Nh4 93. Kd3 Ng2 94. Kd4 Nf4 95. Ke5 Ng6+ 96. Kd6 Nh4 97. Kc7 Nf3 98. Kb6 Ne5 99. Bb5 Nf7 100. Be8 Nd6 101. Bd7 Ne4 102. Bc6 Nc3 103. Ka6 Nd1 104. Bd7 Ne3 105. Kb6 Nf1 106. Be8 Ne3 107. Bc6 Nc4+ 108. Ka6 Ne5 109. Bb5 Ng6 110. Be8 Nh4 111. Bd7 Nf3 112. Bc6 Nd4 113. Bd7 Nf3 114. Be8 Ng5 115. Kb6 Nf3 116. Bb5 Nh4 117. Bd7 Ng2 118. Be8 Ne1 119. Bc6 Nc2 120. Bd7 Ne3 121. Bc6 Ng4 122. Be8 Nf6 123. Bc6 Ng8 124. Be8 Nf6 125. Bc6 Nh5 126. Bb5 Ng3 127. Bd7 Ne4 128. Bc6 Nf2 129. Bb5 Nh3 130. Be8 Nf4) 69. Bb1 $2 {[%mdl 8192]} (69. Ba4 $11) 69... Nd1 $2 (69... a5 70. Kh6 Kc5 71. Kg5 a4 72. Kf4 Kd4 73. Kf3 Nd5 74. Bc2 a3 75. Bb3 Nc3 76. Kg4 Ne2 77. Be6 Kc3 78. Ba2 Nc1 79. Bf7 Nb3 80. Kf5 a2 81. Bh5 a1=Q 82. Kf4 Qc1+ 83. Kg4 Nd4 84. Be8 Qg1+ 85. Kf4 Qf2+ 86. Ke5 Qe3+ 87. Kf6 Qxe8 88. Kg5 Qe5+ 89. Kg4 Qf5+ 90. Kg3 Ne2+ 91. Kg2 Kd4 92. Kh2 Qf2+ 93. Kh3 Qg3#) 70. Ba2 $2 {[%mdl 8192] [#]} (70. Bc2 $11) 70... Nc3 $2 (70... a5 $1 {mates} 71. Bb3 Nb2 72. Kh6 Kc5 73. Bc2 Kb4 74. Kg5 Kc3 75. Bh7 a4 76. Kf4 a3 77. Bb1 Nd3+ 78. Kf5 Nc1 79. Ke5 Kb2 80. Bg6 a2 81. Bh5 a1=Q 82. Bg6 Qa4 83. Ke6 Qc6+ 84. Kf5 Ne2 85. Kg5 Nd4 86. Bf7 Qc5+ 87. Kf6 Qd6+ 88. Kg5 Qe5+ 89. Kh4 Qf4+ 90. Kh5 Qxf7+ 91. Kg4 Qf3+ 92. Kg5 Ne6+ 93. Kg6 Qf4 94. Kh7 Qg5 95. Kh8 Qg7#) 71. Bg8 $2 {[%mdl 8192]} (71. Bb3 $15) 71... a5 {Black mates.} 72. Bb3 Kc5 73. Bg8 Kb4 {Accuracy: White = 39%, Black = 45%.} 0-1

[Event "Stay Safe Play From Home 262"]
[Site "Emanuel Lasker Arena"]
[Date "2020.06.29"]
[Round "3"]
[White "Lazieri3"]
[Black "Goofus3"]
[Result "1-0"]
[WhiteElo "2066"]
[BlackElo "1387"]
[Annotator "TA"]
[PlyCount "53"]
[EventDate "2020.06.29"]
[EventType "swiss (blitz)"]

{[%evp 9,52,14,18,-4,51,48,33,17,47,14,16,14,19,0,31,18,21,19,36,23,196,195,253,253,252,259,594,581,675,674,821,807,831,821,856,840,1142,1141,29986,29987,29991,29992,29990,29989,29999]} 1. e4 d5 2. exd5 Qxd5 3. Nc3 Qe6+ 4. Qe2 Nf6 5. Qxe6 Bxe6 6. d4 {[#] B01: Scandinavian Defence.} Nd5 $146 (6... Nc6 $11) ({Predecessor:} 6... g6 7. Bf4 c6 8. Bxb8 Rxb8 9. Nf3 Bh6 10. g3 O-O 11. Bg2 Rfd8 12. Rd1 Bc4 {½-½ (25) Samardzic,S-Danilovic,A (2378) Cetinje 2013}) 7. Nxd5 $14 Bxd5 8. Be3 {White is slightly better.} g6 9. a3 Bg7 10. O-O-O O-O 11. Nf3 Na6 12. Bxa6 bxa6 13. Rhg1 Rab8 14. Ne5 {Nd7 is the strong threat.} c6 $2 {Loses the game.} (14... Rfd8 $11) 15. Nd7 $1 $18 {[%csl LRb8,LRf8][%mdl 64] Double Attack} Rb5 (15... a5 $142 16. Nxf8 (16. Nxb8 Rxb8 17. Bf4 Rb5 $18) 16... Rxf8) 16. Nxf8 Bxf8 17. f3 Ba2 $2 (17... f6 18. b3 Bf7) 18. b3 a5 19. Kb2 a4 {If Black can now play ...Bxb3 this consolidates a bit.} 20. Kxa2 axb3+ 21. cxb3 a5 22. Rb1 a4 23. bxa4 Re5 24. dxe5 {White mates.} e6 {[#]} 25. Rb8 $1 Kg7 {[#]} 26. Bh6+ $1 Kg8 (26... Kxh6 27. Rxf8) 27. Rxf8# {Accuracy: White = 93%, Black = 23%.} 1-0